| 000 | 00499nam a22001817a 4500 | ||
|---|---|---|---|
| 003 | CEME | ||
| 005 | 20210628203808.0 | ||
| 008 | 210317b xxu||||| |||| 00| 0 eng d | ||
| 020 | _a0-07-031277-X | ||
| 040 | _c. | ||
| 082 | _a621.380431 HUN'M | ||
| 100 |
_aHund, Edger _967336 |
||
| 245 | _aMicrowave communications, components and circuits | ||
| 260 |
_aNEWYORK _bMCGRAW HILL _c1989 |
||
| 300 | _a322P | ||
| 650 |
_aMICROWAVE DEVICES MICROWAVE COMMUNICATION SYSTEMS _967337 |
||
| 942 |
_cBK _2ddc |
||
| 999 |
_c575142 _d575142 |
||